[Event "Las Palmas Pirez"]
[Site "Las Palmas"]
[Date "1993.??.??"]
[Round "4"]
[White "Todorcevic, Miodrag"]
[Black "Bologan, Viktor"]
[Result "0-1"]
[WhiteElo "2480"]
[BlackElo "2510"]

1.e4 c5 2.d3 d5 3.Nd2 Nc6 4.Ngf3 Nf6 5.g3 Bg4 6.Bg2 e6 7.h3 Bh5 8.O-O Qc7
9.c3 h6 10.a3 Rd8 11.Qa4 Be7 12.b4 O-O 13.Re1 dxe4 14.dxe4 Nd7 15.b5 Nce5
16.Re3 c4 17.Nd4 Nc5 18.Qc2 Ncd3 19.f4 Nxc1 20.Rxc1 Nd3 21.Rf1 e5 22.fxe5 Bg5
23.Rxd3 cxd3 24.Qxd3 Bxd2 25.Qxd2 Rfe8 26.a4 Rxe5 27.Qe3 Bg6 28.Kh2 Rde8
29.Rf4 Qe7 30.Nf3 Rxe4 31.Qxa7 Rxf4 32.gxf4 Qe2 33.Kg3 Re3 34.f5 Bxf5 35.Qb8+ Kh7
36.Qxb7 Re6 37.Qxf7 Rg6+ 38.Kf4 Qe4+  0-1

[Event "Las Palmas Pirez"]
[Site "Las Palmas"]
[Date "1993.??.??"]
[Round "5"]
[White "Bologan, Viktor"]
[Black "Garcia Padron, J."]
[Result "1-0"]
[WhiteElo "2510"]
[BlackElo "2465"]

1.e4 c5 2.Nf3 Nc6 3.d4 cxd4 4.Nxd4 g6 5.c4 Bg7 6.Be3 Nf6 7.Nc3 Ng4 8.Qxg4 Nxd4
9.Qd1 Ne6 10.Bd3 Bxc3+ 11.bxc3 Qa5 12.O-O g5 13.Qd2 b6 14.Rab1 Ba6 15.c5 Nxc5
16.Bxa6 Nxa6 17.Bxg5 Rg8 18.Bh4 Qh5 19.Bg3 Nc5 20.f3 Rc8 21.c4 Qg6 22.Rfd1 Qe6
23.Qc2 Qc6 24.Rd5 Ne6 25.Rbd1 Nf8 26.Rc1 Rg6 27.f4 Qb7 28.f5 Rgc6 29.Qa4 Rc5
30.f6 exf6 31.Bd6 Qc6 32.Qa3 Rxc4 33.Rcd1 Rc3 34.Qb2 Qa4 35.R5d2 Qc4 36.h3 Rc6
37.Rd4 Rc2 38.Qa3 Qe2 39.Qg3 Ng6 40.Bb4 d6 41.R4d2 Rxd2 42.Rxd2 Qxe4 43.Bxd6 Rc2
44.Rxc2 Qxc2 45.Qf3 f5 46.Qa8+ Kd7 47.Bb8 Qc5+ 48.Kh2 b5 49.Qb7+ Ke8 50.Bxa7 Qe5+
51.Kh1 Kf8 52.Qd7 Qe1+ 53.Kh2 Qe5+ 54.Kh1 f4 55.Qd8+ Qe8 56.Bc5+  1-0

[Event "Las Palmas-B"]
[Site "Las Palmas"]
[Date "1993.??.??"]
[Round "5"]
[White "Bologan, Viktor"]
[Black "Anguix Garrido, Juan Francisco"]
[Result "1-0"]
[WhiteElo "2510"]
[BlackElo "2340"]

1.e4 d5 2.exd5 Nf6 3.d4 Nxd5 4.Nf3 g6 5.Bb5+ c6 6.Be2 Bg7 7.O-O O-O 8.c4 Nb6
9.Be3 Bg4 10.Nbd2 N8d7 11.h3 Bxf3 12.Nxf3 e5 13.dxe5 Nxe5 14.Nd2 Re8 15.Qc2 Qe7
16.Rfe1 f5 17.a4 Nbd7 18.a5 Qf8 19.c5 a6 20.f4 Nf7 21.Bf2 Kh8 22.Bc4 Rxe1+
23.Rxe1 Re8 24.Rd1 Nd8 25.Ba2 Ne6 26.Nc4 Nf6 27.Nd6 Nxf4 28.Nxe8 Qxe8 29.Qd2 N4d5
30.Bd4 Qf8 31.Bxd5 Nxd5 32.Re1 Nf6 33.Bxf6 Qxc5+ 34.Kh1 Bxf6 35.Qd7 Bg7 36.Qxb7 h5
37.Qxa6 f4 38.Rf1 g5 39.Qc8+ Kh7 40.a6 Qb5 41.Rc1 Qxb2 42.Qxc6 f3 43.Qc2+  1-0

[Event "Las Palmas-B"]
[Site "Las Palmas"]
[Date "1993.??.??"]
[Round "6"]
[White "Villavicencio, Adalberto"]
[Black "Bologan, Viktor"]
[Result "0-1"]
[WhiteElo "2360"]
[BlackElo "2510"]

1.e4 g6 2.d4 Bg7 3.Nf3 d6 4.c3 Nf6 5.Bd3 O-O 6.h3 Nc6 7.O-O e5 8.Re1 h6 9.Be3 Nh5
10.Nbd2 Qf6 11.Bf1 Nf4 12.Kh2 g5 13.g3 Ng6 14.Kg1 Qe7 15.Qc2 Kh8 16.Bg2 Bd7
17.b4 f5 18.dxe5 Ncxe5 19.Nxe5 Nxe5 20.exf5 Bxf5 21.Qb3 a5 22.Bd4 Be6 23.Qc2 Qd7
24.Bxe5 dxe5 25.Bxb7 Rab8 26.Bg2 axb4 27.cxb4 Rxb4 28.Rac1 c6 29.Bxc6 Qf7
30.Ne4 Bxh3 31.Qe2 Qe6 32.Rc2 Bg4 33.Qd2 Rd4 34.Qe3 Qg6 35.Rc3 Bf3 36.a4  0-1

[Event "Las Palmas Pirez"]
[Site "Las Palmas"]
[Date "1993.??.??"]
[Round "7"]
[White "Ramos, Victor"]
[Black "Bologan, Viktor"]
[Result "0-1"]
[WhiteElo "2250"]
[BlackElo "2510"]

1.d4 Nf6 2.c4 g6 3.Nc3 Bg7 4.e4 d6 5.Nf3 O-O 6.Be2 e5 7.O-O Nc6 8.d5 Ne7
9.Ne1 Nd7 10.Be3 f5 11.f3 f4 12.Bf2 g5 13.Rc1 Rf6 14.b4 Rh6 15.c5 a6 16.Nd3 Qe8
17.Be1 Qh5 18.h3 Nxc5 19.bxc5 Bxh3 20.Rf2 Bd7 21.Rf1 Bf6 22.Bd2 Qh2+ 23.Kf2 Qg3+
24.Kg1 Rh2 25.Rf2 Qh4  0-1

[Event "Las Palmas-B"]
[Site "Las Palmas"]
[Date "1993.??.??"]
[Round "7"]
[White "Bologan, Viktor"]
[Black "Trujillo, Ivan"]
[Result "1-0"]
[WhiteElo "2510"]
[BlackElo "2165"]

1.e4 c5 2.Nf3 Nc6 3.Bb5 e6 4.O-O Nge7 5.b3 a6 6.Bxc6 Nxc6 7.Bb2 b5 8.a4 b4
9.Re1 d6 10.d4 cxd4 11.Nxd4 Nxd4 12.Qxd4 Rb8 13.Nd2 e5 14.Qd3 Be7 15.Rad1 Bg4
16.f3 Qb6+ 17.Kh1 Be6 18.f4 exf4 19.Bxg7 Rg8 20.Bd4 Qc6 21.Nf3 h5 22.Bf2 Bg4
23.e5 Bxf3 24.gxf3 dxe5 25.Rxe5 Kf8 26.Qe2 Rb7 27.Bc5 Bxc5 28.Rd8+ Kg7 29.Rg5+ Kf6
30.Qe5+  1-0

[Event "Las Palmas Pirez"]
[Site "Las Palmas"]
[Date "1993.??.??"]
[Round "8"]
[White "Bologan, Viktor"]
[Black "Castellano, Jose"]
[Result "1-0"]
[WhiteElo "2510"]
[BlackElo "2255"]

1.e4 e5 2.Nf3 Nc6 3.Bb5 a6 4.Ba4 Nf6 5.O-O Be7 6.Re1 b5 7.Bb3 O-O 8.h3 d5
9.exd5 Nxd5 10.d3 Bf6 11.Nbd2 h6 12.Ne4 Be7 13.Ng3 Bf6 14.Nh5 Nf4 15.Nxf4 exf4
16.c3 g5 17.d4 Bf5 18.Nh2 Qd7 19.Qh5 Kh7 20.a3 Na5 21.Ba2 Nc4 22.b3 Nd6 23.Bb2 Rae8
24.Rad1 Rxe1+ 25.Rxe1 Re8 26.Rxe8 Qxe8 27.Qd1 Qe4 28.Nf3 Kg6 29.Nd2 Qc2 30.Qxc2 Bxc2
31.Bb1 Bxb1 32.Nxb1 Ne4 33.f3 Ng3 34.Nd2 Kf5 35.Nf1 h5 36.Kf2 Nxf1 37.Kxf1 g4
38.hxg4+ hxg4 39.Ke2 c6 40.Kd3 gxf3 41.gxf3 Kg5 42.c4 Be7 43.Ke4 Bd6 44.c5 f5+
45.Kd3 Bc7 46.d5 Kg6 47.Bh8 Kh7 48.Bf6 Kg6 49.d6 Bxd6 50.cxd6 Kxf6 51.Kd4 Ke6
52.Kc5 b4 53.Kxc6 bxa3 54.d7 a2 55.d8=Q a1=Q 56.Qe8+  1-0

[Event "Las Palmas-B"]
[Site "Las Palmas"]
[Date "1993.??.??"]
[Round "9"]
[White "Bologan, Viktor"]
[Black "Barlov, Dragan"]
[Result "1/2-1/2"]
[WhiteElo "2510"]
[BlackElo "2495"]

1.e4 e5 2.Nf3 Nc6 3.Bb5 a6 4.Bxc6 dxc6 5.O-O Qd6 6.d4 exd4 7.Nxd4 c5 8.Nb3 Qxd1
9.Rxd1 Bd6 10.Be3 b6 11.Nc3  1/2-1/2

[Event "Las Palmas Pirez"]
[Site "Las Palmas"]
[Date "1993.??.??"]
[Round "9"]
[White "Solana Suarez, Ernesto"]
[Black "Bologan, Viktor"]
[Result "1/2-1/2"]
[WhiteElo "2335"]
[BlackElo "2510"]

1.d4 d5 2.c4 e6 3.Nf3 Nf6 4.Nc3 Be7 5.Bg5 Nbd7 6.e3 O-O 7.Qc2 c5 8.cxd5 Nxd5
9.Bxe7 Qxe7 10.Nxd5 exd5 11.Be2 b6 12.O-O Bb7  1/2-1/2

[Event "New York op"]
[Site "New York"]
[Date "1993.??.??"]
[Round "6"]
[White "Bologan, Viktor"]
[Black "Novikov, Igor A"]
[Result "1/2-1/2"]
[WhiteElo "2520"]
[BlackElo "2540"]

1.e4 c5 2.Nf3 d6 3.d4 cxd4 4.Nxd4 Nf6 5.Nc3 a6 6.Be3 e6 7.Be2 Be7 8.f4 Qc7
9.O-O O-O 10.g4 d5 11.e5 Ne4 12.Nxe4 dxe4 13.g5 Nc6 14.c3 Bc5 15.Qc2 b5 16.Qxe4 Bb7
17.Bf3 Rad8 18.Rad1 Ba8 19.Qc2 Qa7 20.Qf2 Nxd4 21.Bxd4 Bxd4 22.Rxd4 Bxf3
23.Rxd8 Qxf2+ 24.Kxf2 Rxd8 25.Kxf3 Rd3+ 26.Ke4 Rd2 27.a4 Rxb2 28.axb5 axb5
29.Ra1 h6 30.h4 Re2+ 31.Kd4 Rf2 32.Kc5 Rxf4 33.Kxb5 Re4 34.c4 hxg5 35.hxg5 Rxe5+
36.c5 Rxg5 37.Kb6 Rg2 38.Ra8+ Kh7 39.c6 Rb2+ 40.Ka7 Rc2 41.Kb7 g5 42.c7 g4
43.Ra6 g3 44.Ra3 Rb2+ 45.Ka7 Rc2 46.Kb7  1/2-1/2

[Event "New York op"]
[Site "New York"]
[Date "1993.??.??"]
[Round "7"]
[White "Kudrin, Sergey"]
[Black "Bologan, Viktor"]
[Result "1/2-1/2"]
[WhiteElo "2575"]
[BlackElo "2520"]

1.e4 g6 2.d4 Bg7 3.Nc3 c6 4.Nf3 d6 5.h3 Nf6 6.a4 O-O 7.Be3 Nbd7 8.a5 e5 9.dxe5 dxe5
10.Qd6 Ne8 11.Qa3 Nc7 12.Rd1 Ne6 13.Bc4 Re8 14.O-O Bf8 15.b4 Qe7 16.Rb1 Qf6
17.Ne2 h6 18.Qa2 Nc7 19.Nh2 b5 20.Ng4 Qe7 21.Bb3 h5 22.Nh6+ Bxh6 23.Bxh6 Nf6
24.Bg5 Ne6 25.f4 exf4 26.Bxe6 Qxe6 27.Qxe6 Rxe6 28.Nxf4 Nxe4 29.Nxe6 Bxe6
30.Be3 a6 31.Rbd1 Re8 32.Rfe1 f5 33.h4 Kf7 34.Bf4 Bd5 35.Rd3 Rc8 36.Be3 Ke6
37.Bb6 Rf8 38.Bc7 Re8  1/2-1/2

[Event "New York op"]
[Site "New York"]
[Date "1993.??.??"]
[Round "8"]
[White "Bologan, Viktor"]
[Black "Brenninkmeijer, Joris"]
[Result "1/2-1/2"]
[WhiteElo "2520"]
[BlackElo "2475"]

1.e4 c5 2.Nf3 e6 3.c4 Nc6 4.Nc3 Nf6 5.Be2 d5 6.exd5 exd5 7.d4 Be6 8.Be3 dxc4
9.O-O cxd4 10.Nxd4 Nxd4 11.Bxd4 Be7 12.Qa4+ Qd7 13.Qxd7+ Bxd7 14.Bxc4 O-O
15.Nd5 Bd8 16.Nxf6+ Bxf6 17.Bxf6 gxf6 18.Rfe1 Rfe8 19.Rad1 Rxe1+ 20.Rxe1 Rc8
21.Bd3 Be6 22.a3 Rd8 23.Rd1 Bf5 24.Bc2 Rxd1+ 25.Bxd1 Kf8 26.Kf1 Ke7 27.Ke2 Kd6
28.Ke3 Be6 29.Kd4 b6 30.Bf3 h6 31.Be4 f5 32.Bd3 f6 33.Bc4 Bd7 34.Bd5 Bc8
35.Ba8 Be6 36.Bb7 Bd7 37.Bf3 Be6 38.Bb7 Bd7 39.Ke3 Ke5 40.g3 Be6 41.f4+ Kd6
42.Kd4  1/2-1/2

[Event "New York op"]
[Site "New York"]
[Date "1993.??.??"]
[Round "9"]
[White "Waitzkin, Joshua"]
[Black "Bologan, Viktor"]
[Result "0-1"]
[WhiteElo "2345"]
[BlackElo "2520"]

1.e4 c5 2.Nf3 d6 3.d4 cxd4 4.Nxd4 Nf6 5.Nc3 Nc6 6.Bg5 e6 7.Qd2 a6 8.O-O-O h6
9.Bf4 Bd7 10.Nxc6 Bxc6 11.f3 d5 12.Qe1 Bb4 13.Bd2 Qe7 14.e5 Nd7 15.f4 g6
16.Kb1 Bc5 17.Be3 O-O-O 18.Bxc5 Nxc5 19.Bd3 Qc7 20.Rf1 Kb8 21.Ka1 Qb6 22.Qe2 h5
23.Rb1 Rc8 24.h3 Rhd8 25.g4 hxg4 26.hxg4 d4 27.Ne4 Bxe4 28.Bxe4 d3 29.Bxd3 Rxd3
30.b4 Ra3 31.bxc5 Qxc5 32.Rb2 Rd8 33.Qe4 Rd5 34.Rh1 Rg3 35.Rhb1 Qc3 36.Qb4 Qxb4
37.Rxb4 Rd7 38.g5 Rc3 39.Rc1 Rdc7 40.Kb2 R7c4 41.Rb6 Rf3 42.Rd1 Rf2 43.Rd7 Rcxc2+
44.Kb1 Rc7 45.Rd4 Ka7 46.Rbb4 Rf1+ 47.Kb2 Rcc1 48.Ka3 Rf2 49.Rb3 Rcc2 50.Kb4 Rxa2
51.Kc5 Rfd2 52.Rbd3 Rxd3 53.Rxd3 Ra4 54.f5 exf5 55.Rd7 Re4 56.Kd5 a5 57.Rxf7 a4
58.Rh7 a3 59.e6 a2 60.Rh1 b5 61.Ra1 Re2 62.Kc5 b4 63.Kxb4 Kb6 64.e7 Rxe7
65.Rxa2 Re4+ 66.Kc3 Rg4 67.Kd3 Rxg5 68.Rc2 Rg3+ 69.Kd4 f4 70.Ke4 g5  0-1

[Event "Nikolaev zt"]
[Site "Nikolaev"]
[Date "1993.??.??"]
[Round "?"]
[White "Bologan, Viktor"]
[Black "Ginsburg, Gennadij"]
[Result "1-0"]
[WhiteElo "2520"]
[BlackElo "2395"]

1.e4 c5 2.Nf3 d6 3.d4 cxd4 4.Nxd4 Nf6 5.Nc3 a6 6.Be3 e6 7.Be2 Be7 8.f4 Qc7
9.O-O O-O 10.g4 Nc6 11.g5 Nd7 12.f5 Nxd4 13.Qxd4 Re8 14.f6 Bf8 15.fxg7 Bxg7
16.Qd2 Ne5 17.Rad1 Rd8 18.a4 b6 19.Qe1 Rb8 20.Qg3 Qc6 21.Bd3 b5 22.axb5 axb5
23.Ne2 Nc4 24.Nd4 Qc7 25.Bxc4 Qxc4 26.Qh4 Bb7 27.b3 Qc5 28.Nf5 Qc3 29.Rd3 Qe5
30.g6 exf5 31.Qxh7+ Kf8 32.Rxf5 Qa1+ 33.Rf1 Bxe4 34.Rxa1 Bxg6 35.Qh4 Bxa1
36.Bh6+ Kg8 37.c3  1-0

[Event "Nikolaev zt"]
[Site "Nikolaev"]
[Date "1993.??.??"]
[Round "?"]
[White "Borovikov, Vladislav"]
[Black "Bologan, Viktor"]
[Result "1/2-1/2"]
[WhiteElo "2385"]
[BlackElo "2520"]

1.d4 Nf6 2.Nf3 g6 3.c4 Bg7 4.g3 O-O 5.Bg2 d6 6.O-O Nc6 7.d5 Na5 8.Nbd2 c5
9.Ne1 b5 10.cxb5 Qb6 11.b4 cxb4 12.Rb1 Qxb5 13.Nd3 Bg4 14.Rxb4 Qxd3 15.exd3 Bxd1
16.Rxd1 Rab8 17.Ba3 Nd7 18.Rc1 Nb6 19.Rb5 Nb7 20.Rc7 Rfc8 21.Rxe7 Bf8 22.Re1 Rc2
23.Rb2 Rxb2 24.Bxb2 Nc5 25.Bd4 Nxd3 26.Rb1 Nc5 27.Nc4 Re8 28.Nxb6 Rb8 29.Bf1 Rxb6
30.Rxb6  1/2-1/2

[Event "Nikolaev zt"]
[Site "Nikolaev"]
[Date "1993.??.??"]
[Round "?"]
[White "Guliev, Sarhan"]
[Black "Bologan, Viktor"]
[Result "1-0"]
[WhiteElo "2485"]
[BlackElo "2520"]

1.d4 Nf6 2.c4 g6 3.Nf3 Bg7 4.g3 d6 5.Bg2 Bd7 6.O-O Nc6 7.b3 a6 8.Bb2 O-O
9.Nbd2 b5 10.Rc1 Rb8 11.d5 Na5 12.Nd4 e5 13.dxe6 fxe6 14.cxb5 axb5 15.b4 Nc4
16.Nxc4 bxc4 17.Rxc4 c5 18.Nc6 Bxc6 19.Bxc6 cxb4 20.Qa4 d5 21.Rxb4 Rxb4 22.Qxb4 Ne4
23.Bxg7 Kxg7 24.f3 Qg5 25.Qb2+ Nf6 26.Qd4 Rc8 27.Bb5 e5 28.Qd3 d4 29.Bc4 Nh5
30.Kf2 Qe3+ 31.Kg2 Qg5 32.Qb3 Kh6 33.a4 e4 34.fxe4 Nf6 35.Be6 Re8 36.Rf4 Nh5
37.Rf3 Nf6 38.Rf4 Nh5 39.Rh4 Qd2 40.Bg4 Rxe4 41.Qf3  1-0

[Event "Ostrava"]
[Site "Ostrava"]
[Date "1993.??.??"]
[Round "?"]
[White "Bologan, Viktor"]
[Black "Gipslis, Aivars"]
[Result "1-0"]
[WhiteElo "2510"]
[BlackElo "2505"]

1.e4 d6 2.d4 Nf6 3.Nc3 g6 4.f4 Bg7 5.Nf3 O-O 6.Be3 b6 7.Bd3 c5 8.Qe2 Nc6
9.e5 Ng4 10.Be4 Nb4 11.O-O-O Ba6 12.Qe1 d5 13.dxc5 Nxe3 14.Qxe3 e6 15.a3 Nc6
16.Bd3 Bxd3 17.Rxd3 Qe7 18.cxb6 Rfb8 19.Nd4 Na5 20.Nb3 Nc4 21.Qc5 Qxc5 22.Nxc5 axb6
23.Nd7 Rb7 24.Nf6+ Bxf6 25.exf6 b5 26.g4 b4 27.Nb1 bxa3 28.bxa3 Rba7 29.Rhd1 h6
30.g5 Nd6 31.Rb3 Ne4 32.h4 Nd6 33.h5 gxh5 34.Rh1 Nf5 35.Rxh5 Kh7 36.gxh6 Rg8
37.Rg5 Rg6 38.Nd2 Rxf6 39.Nf3 Rxh6 40.Rg1 f6 41.Re1 Ra4 42.Rxe6 Rxf4 43.Kb2 Re4
44.Ra6 Ne3 45.Ng5+ fxg5 46.Rb7+ Kg8 47.Ra8+  1-0

[Event "Ostrava"]
[Site "Ostrava"]
[Date "1993.??.??"]
[Round "?"]
[White "Guliev, Sarhan"]
[Black "Bologan, Viktor"]
[Result "0-1"]
[WhiteElo "2465"]
[BlackElo "2510"]

1.d4 Nf6 2.c4 g6 3.Nf3 Bg7 4.g3 O-O 5.Bg2 d6 6.O-O Nc6 7.Nc3 a6 8.b3 Rb8
9.Bb2 b5 10.cxb5 axb5 11.Rc1 b4 12.Na4 Na7 13.Qc2 c6 14.e4 Qa5 15.Rfe1 Qh5
16.e5 Nd5 17.Nd2 Bh3 18.Be4 f5 19.Bf3 Qh6 20.Qd1 f4 21.exd6 fxg3 22.hxg3 exd6
23.Rxc6 Nc3 24.Nxc3 Nxc6 25.Bxc6 Rxf2 26.Kxf2 Bxd4+ 27.Kf3 Bg4+ 28.Ke4 Bxd1
29.Nxd1 Bxb2 30.Nc4 Qg5 31.Nde3 Qxg3 32.Rf1 Rf8 33.Bd5+ Kg7  0-1

[Event "Ostrava"]
[Site "Ostrava"]
[Date "1993.??.??"]
[Round "?"]
[White "Bologan, Viktor"]
[Black "Vokac, Marek"]
[Result "0-1"]
[WhiteElo "2510"]
[BlackElo "2465"]

1.e4 c5 2.Nf3 d6 3.d4 cxd4 4.Nxd4 Nf6 5.Nc3 a6 6.Be3 e5 7.Nb3 Be6 8.f4 exf4
9.Bxf4 Nc6 10.Qe2 Be7 11.h3 O-O 12.O-O-O Ne8 13.Nd5 Bg5 14.g3 Rc8 15.Kb1 Bxf4
16.gxf4 Qh4 17.Bg2 Bxd5 18.exd5 Ne7 19.Qg4 Qf2 20.Rd2 Qb6 21.h4 Nf6 22.Qf3 Rce8
23.f5 Kh8 24.c4 Neg8 25.Qc3 Nd7 26.Rc1 Re3 27.Qd4 Qxd4 28.Nxd4 Ngf6 29.b4 b6
30.Nb3 Rb8 31.Rb2 h5 32.c5 bxc5 33.bxc5 dxc5 34.Na5 Rxb2+ 35.Kxb2 Rd3 36.Bf1 Rxd5
37.Bxa6 c4 38.Nb7 Nb6 39.Kc3 Rxf5 40.Bxc4 Rf4 41.Bb3 Ng4 42.Rd1 Ne5 43.Rd4 Rf3+
44.Kb2 Rf2+ 45.Ka3 g6 46.Nd8 Kg7 47.Kb4 Kf8 48.Kb5 Nc8 49.Nc6 Nxc6 50.Kxc6 Ne7+
51.Kb5 Nf5 52.Rd7 Ke8 53.Rd3 Rf4 54.Kc5 Rxh4 55.a4 Rh1 56.a5 Ra1 57.Kb6 Ke7
58.a6 Nd6 59.Bd5 h4 60.Re3+ Kf6 61.Re2 Ra3 62.Ra2 Rxa2 63.Bxa2 Ke5 64.Kc6 Nc8
65.Bxf7 h3 66.Kc5 g5 67.Bd5 g4 68.Bb7 Na7 69.Kb6 g3 70.Kxa7 g2 71.Bxg2 hxg2
72.Kb7 g1=Q 73.a7 Qb1+ 74.Ka8 Qc2 75.Kb8 Qb3+ 76.Ka8 Qc4 77.Kb7 Qb5+ 78.Ka8 Qc6+
79.Kb8 Kd6  0-1

[Event "Ostrava"]
[Site "Ostrava"]
[Date "1993.??.??"]
[Round "?"]
[White "Bologan, Viktor"]
[Black "Michenka, Jozef"]
[Result "1-0"]
[WhiteElo "2510"]
[BlackElo "2405"]

1.e4 c5 2.Nf3 Nc6 3.d4 cxd4 4.Nxd4 g6 5.c4 Nf6 6.Nc3 d6 7.Be2 Nxd4 8.Qxd4 Bg7
9.Bg5 O-O 10.Qd2 Be6 11.O-O Rc8 12.b3 b5 13.e5 dxe5 14.Qxd8 Rfxd8 15.Nxb5 a6
16.Nc3 h6 17.Be3 Ng4 18.Bb6 Rd2 19.Rfd1 Rc2 20.Rac1 Rb2 21.h3 Nf6 22.c5 Nd7
23.Bxa6 Rb8 24.Bc7 Nxc5 25.Bxb8 Nxa6 26.Ba7 Nb4 27.Bc5 Nxa2 28.Nxa2 Rxa2
29.b4 Bf6 30.b5 Bg5 31.Rb1 Bf5 32.b6 Bxb1 33.Rxb1 Ra5 34.b7 Rxc5 35.b8=Q+ Kg7
36.g3 Bf6 37.Qe8 g5 38.Rb8 Kg6 39.Qg8+ Bg7 40.Rf8  1-0

[Event "Ostrava"]
[Site "Ostrava"]
[Date "1993.??.??"]
[Round "?"]
[White "Bologan, Viktor"]
[Black "Keitlinghaus, Ludger"]
[Result "1/2-1/2"]
[WhiteElo "2510"]
[BlackElo "2485"]

1.e4 e5 2.Nf3 Nc6 3.Bb5 Nf6 4.O-O Nxe4 5.d4 Nd6 6.Bxc6 dxc6 7.dxe5 Nf5 8.Qxd8+ Kxd8
9.Nc3 Ke8 10.h3 h6 11.Bf4 Be6 12.g4 Ne7 13.Bg3 Nd5 14.Ne4 c5 15.Nh4 Nb4 16.c3 Bd5
17.Nd2 Nc6 18.Nf5 Rd8 19.Rfd1 h5 20.f3 hxg4 21.hxg4 Ne7 22.Ne3 Bc6 23.c4 b6
24.Kf2 Rd4 25.Nb3 Rd7 26.Rxd7 Kxd7 27.Rd1+ Kc8 28.Nd2 Bb7 29.f4 f6 30.e6 g6
31.Nf3 Bc6 32.Nh4 Bh6 33.Nhg2 Bg7 34.f5 gxf5 35.gxf5 Bh6 36.Bf4 Bxg2 37.Bxh6 Be4
38.Bg7 Rg8 39.Bxf6 Nxf5 40.e7 Nd6 41.Ke2 Kd7 42.Rf1 Nc8 43.Bh4 Nxe7 44.Rf7 Re8
45.Ng4 Bg6 46.Rg7 Bh5 47.Kd2 Bxg4 48.Bxe7 Rxe7 49.Rxg4 Rh7 50.Rg3 Ke6 51.Re3+ Kf5
52.Kc3 Kf4 53.Re6 Rh3+ 54.Kc2 Re3 55.Rc6 Re7 56.Kd3 Rh7 57.Rf6+ Ke5 58.Rf3 Rd7+  1/2-1/2

[Event "Ostrava"]
[Site "Ostrava"]
[Date "1993.??.??"]
[Round "?"]
[White "Sher, Miron N"]
[Black "Bologan, Viktor"]
[Result "0-1"]
[WhiteElo "2535"]
[BlackElo "2510"]

1.c4 e5 2.g3 f5 3.d4 exd4 4.Qxd4 Nc6 5.Qd1 Bb4+ 6.Bd2 Qe7 7.Nf3 Nf6 8.Bg2 Bxd2+
9.Nbxd2 f4 10.O-O fxg3 11.hxg3 d6 12.Nb3 O-O 13.Nbd4 Bd7 14.Nb5 Bg4 15.Nc3 Rae8
16.Rc1 Qf7 17.b3 Kh8 18.Nd5 Ne4 19.Nc3 Qh5 20.Re1 Nf6 21.Qd2 Re6 22.Ng5 Re5
23.f4 Ree8 24.e3 Ne7 25.Qf2 Bc8 26.Bf3 Qg6 27.Qg2 Nf5 28.Kf2 c6 29.Nce4 Nxe4+
30.Bxe4 d5 31.cxd5 cxd5 32.Bd3 Qd6 33.Qh1 Nh6 34.Nf3 Ng4+ 35.Kg1 h6 36.Qh4 Bd7
37.Nd4 Nxe3 38.Re2 Qb6 39.f5 Re4 40.Bxe4 Qxd4 41.Kh1 dxe4 42.f6 Nf5 43.fxg7+ Qxg7  0-1

[Event "FRA-chT "]
[Site "FRA"]
[Date "1994.??.??"]
[Round "1"]
[White "Roos, Daniel"]
[Black "Bologan, Viktor"]
[Result "1-0"]
[WhiteElo "2425"]
[BlackElo "2585"]

1.d4 Nf6 2.Nf3 g6 3.Bf4 Bg7 4.e3 O-O 5.c3 d6 6.Bc4 Nbd7 7.h3 Qe8 8.O-O e5
9.Bh2 Qe7 10.Re1 Nh5 11.a4 Kh8 12.a5 f5 13.Na3 a6 14.Be2 e4 15.Nd2 Ndf6 16.c4 Bh6
17.Nc2 Bg5 18.Ra3 Bd7 19.d5 Rae8 20.b4 Qf7 21.Qa1 Kg8 22.c5 f4 23.cxd6 Nxd5
24.Qd4 Bf6 25.Qxd5 Qxd5 26.Bc4 Qxc4 27.Nxc4 Bb5 28.d7 Rd8 29.Nd2 Bd3 30.Ra2 fxe3
31.Nxe3 Rxd7 32.Rc1 c6 33.Nb3 Bg5 34.Nc5 Rdf7 35.Re1 Re8 36.Ng4 Bc4 37.Rc2 Bd5
38.h4 Bf4 39.g3 Bd6 40.Nh6+ Kg7 41.Nxf7 Kxf7 42.Nxb7 Bxb4 43.Rb1 Bf8 44.g4 Nf6
45.g5 Ng4 46.Nd6+ Bxd6 47.Bxd6 Ke6 48.Bg3 Kf5 49.Rb4 h5 50.Rc3 Rd8 51.Kf1 Ne5
52.Bxe5 Kxe5 53.Rb6 Rc8 54.Ke1 Kd4 55.Rc2 Kd3 56.Rd2+ Kc3 57.Rxa6 Rf8 58.Rd1 Rf4
59.Rc1+ Kd3 60.Raxc6 Bxc6 61.Rxc6 e3 62.Rd6+ Ke4 63.fxe3 Kxe3 64.Re6+ Kd4
65.Rxg6 Rxh4 66.a6 Rg4 67.a7 Rg1+ 68.Kf2 Ra1 69.Rg7 Ke5 70.Rf7  1-0

[Event "FRA-chT "]
[Site "FRA"]
[Date "1994.??.??"]
[Round "1"]
[White "Bologan, Viktor"]
[Black "Anka, Emil"]
[Result "1-0"]
[WhiteElo "2585"]
[BlackElo "2390"]

1.e4 c5 2.Nf3 d6 3.d4 cxd4 4.Nxd4 Nf6 5.Nc3 Nc6 6.Bg5 e6 7.Qd2 a6 8.O-O-O h6
9.Be3 Bd7 10.f3 Nxd4 11.Bxd4 Bc6 12.Kb1 b5 13.Bd3 Be7 14.g4 b4 15.Ne2 e5
16.Be3 d5 17.Ng3 dxe4 18.fxe4 Nxg4 19.Bg1 g6 20.h3 Nf6 21.Be3 h5 22.Rhf1 h4
23.Nh1 O-O 24.Nf2 Qc7 25.Bg5 Nh5 26.Bxe7 Qxe7 27.Qh6 Rfd8 28.Ng4 Nf4 29.Rxf4 exf4
30.e5  1-0

[Event "FRA-chT "]
[Site "FRA"]
[Date "1994.??.??"]
[Round "2"]
[White "Zawadski, Stephane"]
[Black "Bologan, Viktor"]
[Result "0-1"]
[WhiteElo "2230"]
[BlackElo "2585"]

1.d4 Nf6 2.c4 g6 3.Nc3 Bg7 4.e4 d6 5.f3 O-O 6.Be3 a6 7.g4 Nbd7 8.g5 Nh5 9.f4 c5
10.d5 f5 11.exf5 Rxf5 12.Bh3 Rxf4 13.Be6+ Kh8 14.Bxf4 Nxf4 15.Nge2 Nxe6 16.dxe6 Nf8
17.Qd3 Bxe6 18.O-O b5 19.cxb5 axb5 20.a3 Bc4 21.Qd2 Ne6 22.Rae1 Nd4 23.Nxd4 Bxd4+
24.Rf2 Qd7 25.Re4 e5 26.Rxd4 exd4 27.Ne4 Qg4+ 28.Ng3 Re8 29.Rf4 Qe6 30.Ne4 Kg7
31.Qf2 Bd3 32.Ng3 Qe1+  0-1

[Event "GER CupT"]
[Site "Germany"]
[Date "1994.??.??"]
[Round "1"]
[White "Jussupow, Artur"]
[Black "Bologan, Viktor"]
[Result "1/2-1/2"]
[WhiteElo "2665"]
[BlackElo "2585"]

1.d4 Nf6 2.c4 g6 3.Nc3 Bg7 4.e4 d6 5.f3 O-O 6.Bg5 c5 7.d5 Qa5 8.Qc2 e6 9.Bd2 a6
10.a4 Qd8 11.Nge2 a5 12.Ng3 Na6 13.Bg5 h6 14.Be3 Nh7 15.Qd2 Nb4 16.Be2 h5
17.O-O e5 18.Nh1 Bd7 19.Nf2 Qe8 20.Nb5 Qe7 21.Rae1 Bf6 22.g3 Bg5 23.f4 Bh6
24.Bd1 Bxb5 25.axb5 a4 26.f5 Bxe3 27.Rxe3 Qg5 28.Nh3 Qh6 29.Qe2 Nf6 30.Ra3 Kg7
31.Bxa4 g5 32.Qe3 g4 33.Qxh6+ Kxh6 34.Nf2 Kg5 35.Rfa1 Rh8 36.Bd1 Rab8 37.Re3 h4
38.Ra7 hxg3 39.Rxg3 Rh4 40.h3 Kf4 41.Raa3 Nxe4 42.Rg2 Ng5 43.Bxg4 e4 44.Rgg3 Nc2
45.Rac3 Nd4 46.f6 Ra8 47.Rge3 Ra2 48.Ra3 Rxa3 49.Rxa3 b6 50.Ra8 e3 51.Nd3+ Ke4
52.Ne1 Ngf3+ 53.Kf1 Nh2+ 54.Kg2 Nxg4 55.hxg4 Rxg4+ 56.Kh3 Rg5 57.Re8+ Re5
58.Re7 Nf3 59.Ng2 e2 60.Kg3 e1=Q+ 61.Nxe1 Nxe1 62.Rxf7 Kf5 63.Rd7 Kxf6 64.Rxd6+ Kf5
65.Rxb6 Nd3 66.Rb8 Re3+ 67.Kg2 Nf4+ 68.Kf2 Rb3 69.b6 Rxb2+ 70.Ke3 Rb3+ 71.Kd2 Ke5
72.b7 Kd4 73.Rf8 Rb2+ 74.Kd1 Nxd5  1/2-1/2

[Event "GER CupT"]
[Site "Germany"]
[Date "1994.??.??"]
[Round "2"]
[White "Lutz, Christopher"]
[Black "Bologan, Viktor"]
[Result "0-1"]
[WhiteElo "2595"]
[BlackElo "2585"]

1.d4 Nf6 2.c4 g6 3.Nf3 Bg7 4.g3 O-O 5.Bg2 d6 6.O-O Nc6 7.Nc3 a6 8.b3 Rb8
9.Bb2 b5 10.cxb5 axb5 11.Rc1 b4 12.Nb1 Na7 13.Ne1 Nd7 14.Nd3 Ba6 15.Bh3 e6
16.Rc2 c6 17.Qd2 Qb6 18.Nf4 Nf6 19.Rfc1 Rfe8 20.Qe1 g5 21.Nd3 Bxd3 22.exd3 Qa6
23.Qd2 h6 24.Ba1 Nd5 25.Bg2 Qb6 26.Rc4 Ne7 27.h4 d5 28.Rc5 gxh4 29.g4 Qc7
30.Qe3 Ng6 31.Nd2 Bf8 32.Nf3 Bxc5 33.dxc5 Qf4 34.Qxf4 Nxf4 35.Bf1 Ng6 36.Ne5 Rb7
37.Kh2 Kh7 38.Re1 f6 39.Nxg6 Kxg6 40.d4 Nb5 41.Bb2 Kf7 42.Bd3 Ra8 43.Bb1 Rba7
44.Re2 Rxa2 45.Bxa2 Rxa2 46.Rd2 Nxd4 47.Rxd4 Rxb2 48.Rxb4 Rxf2+ 49.Kh3 Rc2
50.Rb7+ Kg6 51.b4 Rc4 52.Rc7 Rxb4 53.Rxc6 e5 54.Rd6 Kg5 55.c6 Rb3+ 56.Kh2 Rc3  0-1

[Event "JUG-chT"]
[Site "Igalo"]
[Date "1994.??.??"]
[Round "?"]
[White "Bologan, Viktor"]
[Black "Nikcevic, Nebojsa"]
[Result "1-0"]
[WhiteElo "2600"]
[BlackElo "2470"]

1.e4 e5 2.Nf3 Nc6 3.Bb5 Nf6 4.O-O Nxe4 5.d4 Nd6 6.Bxc6 dxc6 7.dxe5 Nf5 8.Qxd8+ Kxd8
9.Nc3 Ke8 10.h3 Be6 11.g4 Ne7 12.Ng5 Bc4 13.Re1 Nd5 14.Nd1 h6 15.Ne4 Nb4
16.Ne3 Bd5 17.Nc3 Bc5 18.a3 Bxe3 19.axb4 Bxc1 20.Rexc1 Ke7 21.Kh2 h5 22.Kg3 hxg4
23.hxg4 g5 24.f3 Ke6 25.Re1 Rh6 26.Nd1 a6 27.b3 Ke7 28.Ne3 Be6 29.Rh1 Rah8
30.Rxh6 Rxh6 31.Re1 Rh8 32.Rd1 Bc8 33.Nc4 Ke6 34.Re1 Ke7 35.Nd2 Rd8 36.Ne4 Rd4
37.Nxg5 Rxb4 38.Rh1 Rd4 39.Rh7 Be6 40.f4 Rd2 41.f5 Bd5 42.Nxf7 Bxf7 43.e6 Rxc2
44.Rxf7+  1-0

[Event "JUG-chT"]
[Site "Igalo"]
[Date "1994.??.??"]
[Round "?"]
[White "Bologan, Viktor"]
[Black "Sekulic, Dusan"]
[Result "1-0"]
[WhiteElo "2600"]
[BlackElo "2320"]

1.e4 e5 2.Nf3 Nc6 3.Bc4 Bc5 4.c3 Qe7 5.O-O Nf6 6.d4 Bb6 7.Re1 d6 8.h3 O-O
9.Na3 Nd8 10.Nc2 c6 11.Bd3 Ne6 12.a4 a5 13.b3 Rd8 14.Ba3 Qc7 15.Qd2 Nf4 16.Bf1 Be6
17.c4 h6 18.Rad1 Ng6 19.Qc1 Ba7 20.Bb2 Rac8 21.Qa1 Bb8 22.Rc1 Nh7 23.Ne3 Ng5
24.Nxg5 hxg5 25.Nd5 cxd5 26.cxd5 Qe7 27.dxe6 Qxe6 28.Bc4 Qf6 29.Rc3 Nf4 30.Rf3 Rf8
31.g3 Nxh3+ 32.Kg2 Qh6 33.Qd1 g6 34.dxe5 dxe5 35.Qd7 Rxc4 36.bxc4 Qh5 37.g4  1-0

[Event "JUG-chT"]
[Site "Igalo"]
[Date "1994.??.??"]
[Round "?"]
[White "Bologan, Viktor"]
[Black "Simic, Radoslav"]
[Result "1/2-1/2"]
[WhiteElo "2600"]
[BlackElo "2490"]

1.e4 c5 2.Nf3 Nc6 3.d4 cxd4 4.Nxd4 e5 5.Nb5 d6 6.N1c3 a6 7.Na3 b5 8.Nd5 Be7
9.c4 b4 10.Nc2 a5 11.Be3 Rb8 12.Qd3 Nf6 13.Rd1 O-O 14.Nxf6+ Bxf6 15.Qxd6 Qe8
16.Be2 b3 17.axb3  1/2-1/2